|
|
|
|
| LEADER |
02626nam a2200517 a 4500 |
| 001 |
0017821 |
| 003 |
BD-DhAAL |
| 008 |
090629s2007 gw ace 001 0 eng d |
| 010 |
|
|
|a 2007476754
|
| 020 |
|
|
|a 9783938780268
|
| 020 |
|
|
|a 3938780266
|
| 040 |
|
|
|a NLM
|c NLM
|d OHX
|d BTCTA
|d ZCU
|d BAKER
|d YDXCP
|d IXA
|d DLC
|d BD-DhAAL
|
| 082 |
0 |
0 |
|a 725.51094
|2 22
|
| 245 |
0 |
0 |
|a Hospital architecture /
|c Christine Nickl-Weller, Hans Nickl (eds.)
|
| 250 |
|
|
|a First edition.
|
| 260 |
|
|
|a [Berlin] :
|b Verlagshaus Braun,
|c 2007.
|
| 300 |
|
|
|a 352 p. :
|b chiefly col. ill., ports., plans ;
|c 31 cm
|
| 500 |
|
|
|a Includes index.
|
| 526 |
|
|
|a ARC
|x Md. Shajjad Hossain,
Faculty members of the Department of Architecture
|
| 541 |
1 |
|
|e 0017821
|a Zeenat Book Supply Limited
|
| 650 |
|
0 |
|a Hospital architecture
|z Germany.
|9 31892
|
| 650 |
|
0 |
|a Hospital architecture
|z Germany
|v Pictorial works.
|9 31893
|
| 650 |
|
0 |
|a Hospital architecture
|z Austria.
|9 31894
|
| 650 |
|
0 |
|a Hospital architecture
|z Austria
|v Pictorial works.
|9 31895
|
| 650 |
|
0 |
|a Hospital architecture
|z Switzerland.
|9 31896
|
| 650 |
|
0 |
|a Hospital architecture
|z Switzerland
|v Pictorial works.
|9 31897
|
| 650 |
|
0 |
|a Architecture, Modern
|y 20th century.
|9 31898
|
| 650 |
|
0 |
|a Architecture, Modern
|y 20th century
|v Pictorial works.
|9 31899
|
| 650 |
|
0 |
|a Architecture, Modern
|y 21st century.
|9 31900
|
| 650 |
|
0 |
|a Architecture, Modern
|y 21st century
|v Pictorial works.
|9 31901
|
| 650 |
1 |
2 |
|a Hospital Design and Construction
|z Austria
|v Pictorial Works.
|9 31902
|
| 650 |
1 |
2 |
|a Hospital Design and Construction
|z Germany
|v Pictorial Works.
|9 31903
|
| 650 |
1 |
2 |
|a Hospital Design and Construction
|z Switzerland
|v Pictorial Works.
|9 31904
|
| 650 |
2 |
2 |
|a History, 20th Century
|z Austria
|v Pictorial Works.
|9 31905
|
| 650 |
2 |
2 |
|a History, 20th Century
|z Germany
|v Pictorial Works.
|9 31906
|
| 650 |
2 |
2 |
|a History, 20th Century
|z Switzerland
|v Pictorial Works.
|9 31907
|
| 650 |
2 |
2 |
|a History, 21st Century
|z Austria
|v Pictorial Works.
|9 31908
|
| 650 |
2 |
2 |
|a History, 21st Century
|z Germany
|v Pictorial Works.
|9 31909
|
| 650 |
2 |
2 |
|a History, 21st Century
|z Switzerland
|v Pictorial Works.
|9 31910
|
| 700 |
1 |
|
|a Nickl-Weller, Christine.
|9 31911
|
| 700 |
1 |
|
|a Nickl, Hans.
|9 31912
|
| 700 |
1 |
|
|a Hattstein, Markus.
|9 31913
|
| 852 |
4 |
|
|a Ayesha Abed Library
|c General Stacks
|
| 942 |
|
|
|2 ddc
|c BK
|
| 999 |
|
|
|c 1866
|d 1866
|
| 952 |
|
|
|0 0
|1 0
|2 ddc
|4 0
|6 725_510940000000000_HOS_2007
|7 0
|9 1709
|a BRACUL
|b BRACUL
|c GEN
|d 2009-06-29
|e Zeenat Book Supply Limited
|g 4725.00
|l 18
|m 104
|o 725.51094 HOS
|p 3010017821
|q 2026-04-19
|r 2026-04-12
|s 2026-04-12
|t 1
|w 2009-06-29
|y BK
|x Requisitioned by Md. Shajjad Hossain (Faculty members of the Department of Architecture).
|